Haut-Rhin, Bas-Rhin, Hors Alsace ou N'existe pas - Statistiques

Statistiques générales
  • Ce quiz a été pris 210 fois
    87 depuis la dernière actualisation
  • Le résultat moyen est 10 sur 25
Statistiques - réponses
Question Réponse % Correct
Sélestat Bas-Rhin
93%
Bischwiller Bas-Rhin
73%
Eschau Bas-Rhin
67%
Châtenois Bas-Rhin
65%
Hirsingue Haut-Rhin
62%
Blugosheim N'existe pas !
59%
Bergholtz Haut-Rhin
56%
Ferrette Haut-Rhin
50%
Kintzheim Bas-Rhin
45%
Itterswiller Bas-Rhin
44%
Schnersheim Bas-Rhin
38%
Mothern Bas-Rhin
38%
Triesenberg Hors Alsace
38%
Wickerheim N'existe pas !
35%
Beraltendorf N'existe pas !
34%
Bindernheim Bas-Rhin
32%
Folgensbourg Haut-Rhin
32%
Allschwil Hors Alsace
30%
Niffer Haut-Rhin
27%
Rammersmatt Haut-Rhin
26%
Le Haut Bourg Hors Alsace
26%
Strabourg N'existe pas !
24%
Schafbusch Bas-Rhin
15%
Heimsheim Hors Alsace
12%
Pfalzweyer Bas-Rhin
10%
Aucun quiz correspondant
Distribution des résultats
% des personnes avec chaque résultat
Percentile par nombre de réponses
Votre historique - résultats
Vous n’avez pas pris ce quiz depuis la dernière actualisation